Szczegóły MARC21

Kultura wobec odmienności. T. 2, Prasa, literatura /

003 -Nazwa inst., której nr kontr. jest w polu 001 [,]
    • @
    • Nazwa instytucji, której n kontrolny jest w polu 001
    • NUKAT
005 -DATA I CZAS OSTATNIEJ MODYFIKACJI [,]
    • @
    • pole kontrolne
    • 20241231090049.0
020 -Międzynarod. znormalizowany nr książki - ISBN [ , ]
    • a
    • Numer ISBN
    • 9788392478393 Find
040 -Instytucja sporządzająca opis [ , ]
    • a
    • Instytucja, która sporządziła opis (NP)
    • WR U/brk
    • c
    • Instytucja, która sporządziła rekord (NP)
    • WR U/brk
    • d
    • Instytucja, która zmodyfikowała rekord (P)
    • WR U/bk
    • d
    • Instytucja, która zmodyfikowała rekord (P)
    • TOR U/GKs
942 -Rodzaj dokumentu [ , ]
    • c
    • Rodzaj dokumentu
    • Książka
245 -Strefa tytułu i oznaczenia odpowiedzialności [0,0]
    • a
    • Tytuł
    • Kultura wobec odmienności. Find
    • n
    • Oznaczenie części (P)
    • T. 2,
    • p
    • Nazwa części (P)
    • Prasa, literatura /
    • c
    • Pozostałe elementy strefy tytułu i oznaczenia odpowiedzialności (NP)
    • pod red. Bernadetty Darskiej ; [aut Joanna Chłosta-Zielonka et al.].
260 -Strefa adresu wydawniczego [ , ]
    • a
    • Miejsce wydania (P)
    • Warszawa :
    • b
    • Nazwa wydawcy (P)
    • Fundacja Feminoteka,
    • c
    • Data wydania (P)
    • cop. 2009.
300 -Strefa opisu fizycznego [ , ]
    • a
    • Określenie formy książki i/lub objętość (NP)
    • 197 s. ;
    • c
    • Format (NP)
    • 21 cm.
336 -Typ zawartości [ , ]
    • a
    • Termin opisujący typ zawartości
    • Tekst
    • b
    • Kod określający zawartość
    • txt
    • 2
    • Źródło (terminu i kodu)
    • rdacontent
337 -Typ mediów [ , ]
    • a
    • Tryb odtwarzania
    • Bez urządzenia pośredniczącego
    • b
    • Kod typu mediów
    • n
    • 2
    • Źródło (terminu i kodu)
    • rdamedia
338 -Typ/rodzaj nośnika [ , ]
    • a
    • Hasło opisujące typ nośnika
    • Wolumin
    • b
    • Kod typu nośnika
    • nc
    • 2
    • Źródło (terminu i kodu)
    • rdacarrier
080 -Uniwersalna Klasyfikacja Dziesiętna [ , ]
    • 2
    • Identyfikator wydania tablic
    • UDC-P058
    • 9
    • UKD
    • 2838
    • a
    • Symbol klasyfikacji
    • 316.837
    • b
    • Dopowiedzenie
    • Stosunki homoseksualne. Geje. Lesbijki.
    • 4
    • UKD2
    • 8606
    • x
    • Poddział wspólny
    • "19/20"
    • c
    • Dopowiedzenie poddz. wspólnego
    • Wiek XX/XXI.
080 -Uniwersalna Klasyfikacja Dziesiętna [ , ]
    • 2
    • Identyfikator wydania tablic
    • UDC-P058
    • 9
    • UKD
    • 2713
    • a
    • Symbol klasyfikacji
    • 305
    • b
    • Dopowiedzenie
    • Problematyka płci. Gender study. Rola płci z różnych punktów widzenia.
    • 4
    • UKD2
    • 8606
    • x
    • Poddział wspólny
    • "19/20"
    • c
    • Dopowiedzenie poddz. wspólnego
    • Wiek XX/XXI.
080 -Uniwersalna Klasyfikacja Dziesiętna [ , ]
    • 2
    • Identyfikator wydania tablic
    • UDC-P058
    • 9
    • UKD
    • 2828
    • a
    • Symbol klasyfikacji
    • 316.7
    • b
    • Dopowiedzenie
    • Socjologia kultury. Kulturowy kontekst życia społecznego. Antropologia społeczna. Kultura różnych społeczeństw. Cywilizacja. Podkultury. Subkultury. Kultura masowa. Kultury różnych grup. Dynamika kultury. Akulturacja. Zmiana kulturowa. Rozprzestrzenianie się kultury. Sankcje społeczne. Uspołecznianie zachowań.
    • 4
    • UKD2
    • 8606
    • x
    • Poddział wspólny
    • "19/20"
    • c
    • Dopowiedzenie poddz. wspólnego
    • Wiek XX/XXI.
080 -Uniwersalna Klasyfikacja Dziesiętna [ , ]
    • 2
    • Identyfikator wydania tablic
    • UDC-P058
    • 9
    • UKD
    • 8014
    • a
    • Symbol klasyfikacji
    • 821.162.1(091)
    • b
    • Dopowiedzenie
    • Literatura polska (historia).
    • 4
    • UKD2
    • 8606
    • x
    • Poddział wspólny
    • "19/20"
    • c
    • Dopowiedzenie poddz. wspólnego
    • Wiek XX/XXI.
080 -Uniwersalna Klasyfikacja Dziesiętna [ , ]
    • 2
    • Identyfikator wydania tablic
    • UDC-P058
    • 9
    • UKD
    • 2320
    • a
    • Symbol klasyfikacji
    • 050+070
    • b
    • Dopowiedzenie
    • Prasoznawstwo. Czasopiśmiennictwo. Rodzaje czasopism. Redagowanie, wydawanie i kolportaż czasopism i prasy. Dziennikarstwo. Znaczenie prasy. Wolność prasy.
    • 4
    • UKD2
    • 7642
    • x
    • Poddział wspólny
    • (438)
    • c
    • Dopowiedzenie poddz. wspólnego
    • (Polska).
    • 4
    • UKD2
    • 7992
    • x
    • Poddział wspólny
    • "1989/..."
    • c
    • Dopowiedzenie poddz. wspólnego
    • Od 1989.
650 -Hasło przedmiotowe [ ,7]
    • a
    • Hasło przedmiotowe
    • Homoseksualizm
    • x
    • Określnik rzeczowy
    • w literaturze.
    • 2
    • Źródło terminu
    • kaba
    • 9
    • KHW
    • 111520
650 -Hasło przedmiotowe [ ,7]
    • a
    • Hasło przedmiotowe
    • Homoseksualizm
    • x
    • Określnik rzeczowy
    • w prasie.
    • 2
    • Źródło terminu
    • kaba
    • 9
    • KHW
    • 367245
650 -Hasło przedmiotowe [ ,7]
    • a
    • Hasło przedmiotowe
    • Literatura polska
    • y
    • Określnik chronologiczny
    • 20 w.
    • x
    • Określnik rzeczowy
    • tematy, motywy.
    • 2
    • Źródło terminu
    • kaba
    • 9
    • KHW
    • 359085
980 -Symbol UKD [ , ]
    • a
    • UKD
    • 316.837:305:316.7:821.162.1(091)"19/20":050+070(438)"1989/..."
700 -Hasło dodatkowe - nazwa osobowa [1, ]
    • a
    • Nazwa osobowa (NP)
    • Darska, Bernadetta Find
    • d
    • Daty biograficzne (NP)
    • (1978- ).
    • e
    • Określenie rodzaju współpracy
    • Red.
    • 9
    • KHW
    • 44548
700 -Hasło dodatkowe - nazwa osobowa [1, ]
    • a
    • Nazwa osobowa (NP)
    • Chłosta, Joanna. Find
    • 9
    • KHW
    • 44549
920 -ISBN [ , ]
    • a
    • ISBN
    • 978-83-924783-9-3 Find
Lokalizacja Data inwentaryzacji Status udost. Numer inwentarzowy Sygnatura
BM2010-12-091P.22388POL. Gender studies 04